Normal view
MARC view
- Bodson, Marc
Entry Personal Name
001 - CONTROL NUMBER
- control field: 106712
003 - CONTROL NUMBER IDENTIFIER
- control field: NUST
005 - DATE AND TIME OF LATEST TRANSACTION
- control field: 20230103115916.0
008 - FIXED-LENGTH DATA ELEMENTS
- fixed length control field: 230103|| aca||aabn | a|a d
040 ## - CATALOGING SOURCE
- Original cataloging agency: NUST
- Transcribing agency: NUST
100 ## - HEADING--PERSONAL NAME
- Personal name: Bodson, Marc
670 ## - SOURCE DATA FOUND
- Source citation: Work cat.: (NUST)183989: Sastry, Shankar. 64588, Adaptive control :, c1989.
